000 01005nam a2200277 i 4500
003 DO-SdBNP
005 20240226141731.0
007 ta
008 230628t2022 dr ao||| |||| 00| m spa d
020 _a9789945934168
040 _aDO-SdBNP
_bspa
_cBNPHU
_erda
082 4 _aRD863.5
_bC965p
_222
100 1 _aCueto, Amarilis,
_d1963-
_eautora
_978041
245 1 0 _aPóthos y otros relatos /
_cAmarilis Cueto ; prólogo Rhina P. Espaillat ; edición y corrección, Rafael J. Rodríguez Pérez
264 1 _aSanto Domingo :
_bRío de Oros,
_c2022.
300 _a174 páginas :
_bilustraciones, fotografías ;
_c23 cm.
336 _2rdacontent
_atexto
_btxt
337 _2rdamedia
_asin mediación
_bn
338 _2rdacarrier
_avolumen
_bnc
500 _aIncluye datos biográficos de la autora en la solapa de la cubierta
590 _aInventariado, 2023/BT
650 4 _aCuentos dominicanos
650 4 _aLiteratura dominicana
910 _aBtavárez/Validado. Control de calidad MFF
942 _2ddc
_cLBS1
999 _c53999
_d53999